logo

Bir Sreshtho Munshi Abdur Rouf Library
Jhenaidah Cadet College

আধুনিক গণতান্ত্রিক রাষ্ট্র / (Record no. 9630)

MARC details
000 -LEADER
fixed length control field 00817nam a2200241 a 4500
001 - CONTROL NUMBER
JCCL Control Number 9630
003 - CONTROL NUMBER IDENTIFIER
JCCL marc code BD-JhCC
005 - DATE AND TIME OF LATEST TRANSACTION
control field 20180327100450.0
008 - FIXED-LENGTH DATA ELEMENTS--GENERAL INFORMATION
fixed length control field 180321s1976 b |||| ||a| 000 0 b d
035 ## - SYSTEM CONTROL NUMBER
system control number (BD-JhCC)9630
040 ## - CATALOGING SOURCE
Original cataloging agency BD-JhCC
Modifying agency BD-JhCC
041 ## - LANGUAGE CODE
Language code of Book ben
082 ## - DEWEY DECIMAL CLASSIFICATION NUMBER
Classification number 320
Author mark and Year LIN 1976
100 ## - MAIN ENTRY--PERSONAL NAME
Personal name লিণ্ডসে, এ. ডি.
245 ## - TITLE STATEMENT
Title আধুনিক গণতান্ত্রিক রাষ্ট্র /
Statement of responsibility, etc এ. ডি. লিণ্ডসে, মুহম্মদ আয়েশ উদ্দিন
260 ## - PUBLICATION, DISTRIBUTION, ETC. (IMPRINT)
Place of publication, distribution, etc ঢাকা:
Name of publisher, distributor, etc বাংলা একাডেমী;
Date of publication, distribution, etc 1976.
300 ## - PHYSICAL DESCRIPTION
Pagination 350 p. :
Dimensions 21 cm.
650 ## - SUBJECT ADDED ENTRY--TOPICAL TERM
Topical term or geographic name as entry element Democracy
651 ## - SUBJECT ADDED ENTRY--GEOGRAPHIC NAME
Geographic name Political science
700 ## - ADDED ENTRY--PERSONAL NAME
Personal name উদ্দিন, মুহম্মদ আয়েশ
942 ## - ADDED ENTRY ELEMENTS (KOHA)
Source of classification or shelving scheme Dewey Decimal Classification
Koha item type Books
Holdings
Source of classification or shelving scheme Damaged status Not for loan Home library Current library Shelving location Date of accession Cost, normal purchase price Total Checkouts Full call number Barcode Date last seen Copy number Koha item type
Dewey Decimal Classification     JCC Rouf Library JCC Rouf Library General Stacks 03/21/2018 5.00   320 LIN 1976 12677 03/21/2018 C - 1 Books

JCC Library | Contacts | JCC Home

Last Update on 23 September 2017
Copyright @ 2017-2020 JCC Rouf Library
Rouf Library, Jhenidah Cadet College (JCC), Bangladesh